000 00494nam a2200157 4500
001 131398
003 ES-MaACL
005 20230906193955.0
007 t|
008 070214s1947 sp r ||||1| spa d
100 1 _aRodríguez, Teodoro.
_998304
245 1 0 _aAgustino
_b: corrientes paganizantes en la educación católica /
_cTeodoro Rodríguez.
260 _aEl Escorial :
_b[s.n.],
_c1947 (
_fImp. del Real Monasterio)
300 _a270 p. ;
_c20 cm.
852 _aES-MaACL
_jC-5140
_bR.25845
999 _c131398
_d131398